LEADER 00948nam a2200205 i 4500 001 000000029328 003 CaOOAMICUS 005 20180830125448.0 008 180830s1964 it u000 u ita u 040 $aSeMil$bita 110 2 $aPontificia Università Gregoriana .$0(OLS)http://semarc/name/5 245 10$aDe Deo Trino /$cPontificia Universitas Gregoriana. 260 $aRomae :$bApud Aedes Universitatis Gregorianae,$c1964. 300 $a2 v. ;$c25 cm. 650 4$aTrinità.$0(OLS)http://semarc/subject/940 700 1 $aLonergan, Bernard J. F.,$c.$0(OLS)http://semarc/name/2591 774 0 $tPars dogmatica.$bEditio altera et recognita.$g1$w()66452 774 0 $tPars systematica, seu, Divinarum personarum conceptio analogica.$bEditio tertia et recognita.$g2$w()66453 996 $6245$aDe Deo Trino$9(OLS)http://semarc/title/39837 996 $6260$aRomae :$bApud Aedes Universitatis Gregorianae$9(OLS)http://semarc/publisher/30266